ロード中...

Human resource development

書誌詳細
第一著者: Reid, Margaret Anne
フォーマット: Printed Book
言語:English
出版事項: New Delhi Pinnacle 2007
版:7th ed.
主題:
LEADER 00568nam a22001697a 4500
005 20151215124903.0
008 090915t xxu||||| |||| 00| 0 eng d
082 |a 658.3  |b REI 
100 |a Reid, Margaret Anne  |9 1603 
245 |a Human resource development 
250 |a 7th ed. 
300 |a x, 333p. 
653 |a Human resource management  |a Personnel management 
942 |c BK  |6 _ 
260 |a New Delhi  |b Pinnacle  |c 2007 
999 |c 93605  |d 93605 
952 |0 0  |1 0  |2 ddc  |4 0  |6 6583_REI  |7 0  |9 117683  |a SMS  |b SMS  |c GEN  |d 2009-09-15  |l 2  |o 658.3 REI  |p SMS023232  |r 2014-07-02  |s 2014-07-02  |w 2009-09-15  |y BK